Aká si, piatacká učebnica SJ? (Pokračovanie diskusie z č.5)

Hodnotenie učebnice Slovenský jazyk pre 5.ročník ZŠ.

Bibliographic Details
Main Author: Pupala, Branislav, 1965- (Author)
Format: Article
Language:Slovak
Subjects:

MARC

LEADER 00000nab a2200000 a 4500
001 vtls001503996
003 SK-MaSNL
005 20260303190900.0
008 140302s1998 xo 000 0 slo
035 |a SPKCL6323 
040 |a SPKCL  |b slo  |c SNKBUCL  |d ÚIP-SPK(TP)  |e AACR2 
041 |a slo 
044 |a xo  |c SK 
080 |a 372.880.854:371.671.11  |2 1981 
100 1 |a Pupala, Branislav,  |d 1965-  |4 aut  |9 233082 
245 1 0 |a Aká si, piatacká učebnica SJ?  |b (Pokračovanie diskusie z č.5)  |c Branislav Pupala 
520 |a Hodnotenie učebnice Slovenský jazyk pre 5.ročník ZŠ. 
650 0 7 |a slovenčina  |2 SNKPH  |9 1350 
655 7 |a učebnice  |2 SNKPH  |9 22521 
773 1 |t Učiteľské noviny  |g Roč. 48, č. 7 (1998) s. 9 
850 |a Slovenská pedagogická knižnica Bratislava 
852 |a SPKCL  |b KIS3GCP  |b 000710000  |n SK 
999 |c 2138396  |d 2140326